[Event "CHN-chTB"]
[Site "Harbin"]
[Date "2016.07.15"]
[Round "9.3"]
[White "Chen, Xingyu"]
[Black "Shen, Chenyi"]
[Result "1/2-1/2"]
[WhiteElo "1757"]
[BlackElo "2130"]
[PlyCount "97"]
[EventDate "2016.07.11"]
[EventType "team-swiss"]
[EventRounds "11"]
[EventCountry "CHN"]
[SourceTitle "CBM 173 Extra"]
[Source "ChessBase"]
[SourceDate "2016.08.29"]
[SourceVersion "1"]
[SourceVersionDate "2016.08.29"]
[SourceQuality "1"]
[WhiteTeam "Chongqing Qilin"]
[BlackTeam "Hangzhou Chess Assoc"]
[WhiteTeamCountry "CHN"]
[BlackTeamCountry "CHN"]

1. g3 c5 2. Bg2 Nc6 3. e4 g6 4. Ne2 Bg7 5. 0-0 e5 6. c3 Nge7 7. f4 d6 8. d3 0-0 9. Be3 exf4 10. Nxf4 Kh8 11. Kh1 b6 12. Nd2 Bb7 13. Qc2 Rc8 14. Bg1 Ne5 15. c4 Qd7 16. Nf3 Nxf3 17. Bxf3 Nc6 18. Nd5 Ne5 19. Bg2 Bxd5 20. exd5 f5 21. Rae1 Rfe8 22. b3 Nf7 23. Qd1 Rxe1 24. Rxe1 Re8 25. d4 cxd4 26. Rxe8+ Qxe8 27. Bxd4 Bxd4 28. Qxd4+ Qe5 29. Qf2 Kg7 30. h3 Kf6 31. a4 Qc3 32. a5 bxa5 33. Qxa7 Qxg3 34. c5 Qe3 35. Qxa5 Qxc5 36. b4 Qxa5 37. bxa5 Ne5 38. Bf1 Nd7 39. Bb5 Nc5 40. a6 Nxa6 41. Bxa6 Ke5 42. Bc4 Ke4 43. Kg2 g5 44. Kf2 h5 45. Bb3 h4 46. Bc2+ Kxd5 47. Bxf5 Ke5 48. Bg4 Kf4 49. Ke2 1/2-1/2

[Event "CHN-chTB"]
[Site "Harbin"]
[Date "2016.07.15"]
[Round "10.3"]
[White "Peng, Shunkai"]
[Black "Chen, Xingyu"]
[Result "1-0"]
[WhiteElo "1941"]
[BlackElo "1757"]
[PlyCount "53"]
[EventDate "2016.07.11"]
[EventType "team-swiss"]
[EventRounds "11"]
[EventCountry "CHN"]
[SourceTitle "CBM 173 Extra"]
[Source "ChessBase"]
[SourceDate "2016.08.29"]
[SourceVersion "1"]
[SourceVersionDate "2016.08.29"]
[SourceQuality "1"]
[WhiteTeam "Jiaxing Xueer Wenhua"]
[BlackTeam "Chongqing Qilin"]
[WhiteTeamCountry "CHN"]
[BlackTeamCountry "CHN"]

1. e4 Nf6 2. Nc3 d5 3. e5 Nfd7 4. d4 e6 5. f4 c5 6. Nf3 Nc6 7. Be3 Qb6 8. Na4 Qa5+ 9. c3 cxd4 10. b4 Qc7 11. Nxd4 Nxd4 12. Bxd4 f6 13. Bd3 f5 14. g4 Be7 15. gxf5 exf5 16. Bxf5 0-0 17. Be6+ Kh8 18. Qg4 Nb6 19. Nxb6 Bxe6 20. Qxe6 Bh4+ 21. Kd2 axb6 22. Qg4 Be7 23. Rhg1 Bd8 24. h4 h6 25. f5 b5 26. f6 gxf6 27. Qh5 1-0

[Event "Jiaxing op"]
[Site "Jiaxing"]
[Date "2016.05.01"]
[Round "3"]
[White "Lin, Peisen"]
[Black "Chen, Xingyu"]
[Result "1-0"]
[WhiteElo "1897"]
[BlackElo "1768"]
[PlyCount "93"]
[EventDate "2016.04.29"]
[EventType "swiss"]
[EventRounds "7"]
[EventCountry "CHN"]
[SourceTitle "EXT 2024"]
[Source "ChessBase"]
[SourceDate "2023.10.10"]
[SourceVersion "1"]
[SourceVersionDate "2023.10.10"]
[SourceQuality "1"]

1. e4 Nf6 2. e5 Nd5 3. d4 d6 4. Nf3 Bg4 5. Be2 e6 6. c4 Nb6 7. exd6 cxd6 8. Nc3 Be7 9. 0-0 0-0 10. b3 Nc6 11. Be3 Rb8 12. Qd2 h6 13. Rfd1 Bxf3 14. Bxf3 Bg5 15. Bxg5 hxg5 16. d5 exd5 17. Nxd5 Nc8 18. Nc3 Re8 19. Bg4 Ne5 20. Bxc8 Qxc8 21. Qxg5 Re6 22. Nd5 Qd7 23. Nf4 Rf6 24. Qxe5 dxe5 25. Rxd7 exf4 26. Re1 a6 27. Ree7 b5 28. c5 Rc8 29. b4 a5 30. a3 axb4 31. axb4 Ra8 32. Rd1 Ra2 33. Re4 Rc2 34. h4 f3 35. g3 g6 36. Red4 Kg7 37. R1d2 Rc1+ 38. Kh2 Re6 39. g4 Re2 40. Kg3 Rf1 41. g5 Kh7 42. Rd7 Kg7 43. c6 Re4 44. Rc2 Re2 45. Rdd2 Rfxf2 46. Rxe2 Rxe2 47. Rxe2 1-0

[Event "CHN Team"]
[Site "Zhongshan"]
[Date "2015.07.12"]
[Round "4"]
[White "Chen, Xingyu"]
[Black "Zhao, Chenxi"]
[Result "0-1"]
[WhiteElo "1827"]
[BlackElo "2051"]
[PlyCount "73"]
[EventDate "2015.07.11"]
[EventType "team-swiss"]
[EventRounds "11"]
[EventCountry "CHN"]
[SourceTitle "CBM 167 Extra"]
[Source "ChessBase"]
[SourceDate "2015.09.14"]
[SourceVersion "1"]
[SourceVersionDate "2015.09.14"]
[SourceQuality "1"]
[WhiteTeam "Chongqing Unicorn"]
[BlackTeam "Shenzhen"]
[WhiteTeamCountry "CHN"]
[BlackTeamCountry "CHN"]

1. b4 Nf6 2. Bb2 e6 3. a3 d5 4. e3 Bd6 5. Nf3 0-0 6. d4 b6 7. c4 a5 8. c5 Be7 9. Bd3 Ne4 10. Nbd2 f5 11. 0-0 Bf6 12. Qc2 Bb7 13. Rfc1 c6 14. Ne1 b5 15. a4 Na6 16. Bxe4 Nxb4 17. Qb1 fxe4 18. axb5 cxb5 19. Ba3 Nc6 20. Qxb5 Qc7 21. Rab1 Ba6 22. Qb6 Qd7 23. Qb3 Qf7 24. f3 Nxd4 25. exd4 Bxd4+ 26. Kh1 e3 27. Qc2 exd2 28. Qxd2 Be5 29. Bb2 Bf4 30. Qxa5 Bxc1 31. Rxc1 Bc4 32. Qc3 Ra2 33. Nc2 Qf6 34. Nd4 e5 35. Nc2 Rb8 36. Ba1 Rb3 37. Qxe5 0-1